La revolución sexual (Record no. 186367)

MARC details
000 -LEADER
campo de control de longitud fija 00948nam a2200265 i 4500
001 - NÚMERO DE CONTROL
campo de control 186367
003 - IDENTIFICADOR DE NÚMERO DE CONTROL
campo de control SpMaBN
005 - FECHA Y HORA DE LA ÚLTIMA TRANSACCIÓN
campo de control 20250806034447.0
008 - DATOS DE LONGITUD FIJA--INFORMACIÓN GENERAL
campo de control de longitud fija 161031s1985 sp |||| |dspa d
020 ## - NÚMERO INTERNACIONAL ESTÁNDAR DEL LIBRO
Número Internacional Estándar del Libro 84-395-0006-8
080 ## - NÚMERO DE LA CLASIFICACIÓN DECIMAL UNIVERSAL
Número de la Clasificación Decimal Universal 176
100 1# - ENTRADA PRINCIPAL--NOMBRE DE PERSONA
Nombre de persona Reich, Wilhelm.
9 (RLIN) 95949
245 13 - MENCIÓN DEL TÍTULO
Título La revolución sexual
Resto del título : para una estructura de carácter autónoma del hombre /
Mención de responsabilidad, etc. Wilhelm Reich ; [traducción de Sergio Moratiel].
250 ## - MENCION DE EDICION
Mención de edición 1ª ed. en esta colección.
260 ## - PUBLICACIÓN, DISTRIBUCIÓN, ETC.
Lugar de publicación, distribución, etc. Barcelona :
Nombre del editor, distribuidor, etc. Planeta-Agostini,
Fecha de publicación, distribución, etc. 1985.
300 ## - DESCRIPCIÓN FÍSICA
Extensión XI, 274 p. ;
Dimensiones 19 cm.
490 1# - MENCIÓN DE SERIE
Mención de serie Obras maestras del pensamiento contemporáneo ;
Designación de volumen o secuencia 6
500 ## - NOTA GENERAL
Nota general Cronología.
504 ## - NOTA DE BIBLIOGRAFÍA, ETC.
Nota de bibliografía, etc. Bibliografía: p. X-XI.
650 #7 - PUNTO DE ACCESO ADICIONAL DE MATERIA--TÉRMINO DE MATERIA
Término de materia o nombre geográfico como elemento de entrada Ética sexual
Fuente del encabezamiento o término embne
9 (RLIN) 12591
700 1# - ENTRADA AGREGADA--NOMBRE PERSONAL
Nombre de persona Moratiel, Sergio.
9 (RLIN) 83156
830 0# - PUNTO DE ACCESO ADICIONAL DE SERIE-TÍTULO UNIFORME
Título uniforme Obras maestras del pensamiento contemporáneo ;
Designación de volumen o secuencia 6
9 (RLIN) 192536
852 ## - LOCALIZACIÓN
Ubicación ES-MaACL
Número de control de estantería L-30734
Nota libre . - Donat. Miguel A. Velasco
Holdings
Estatus retirado Estado de pérdida Estado de daño No para préstamo Biblioteca de origen Biblioteca actual Ubicación en estantería Fecha de adquisición Fuente de adquisición Total de préstamos Signatura topográfica completa Código de barras Visto por última vez Precio de reemplazo Tipo de ítem Koha
        Biblioteca del Ateneo de Madrid Biblioteca del Ateneo de Madrid Depósito 2 31/10/2016     L-30734 1196523 23/02/2023 23/02/2023 Libro impreso